000 00595nam a2200205 a 4500
001 16906
003 CO-ViMGA
008 141112s2004 ck r 000 u spa d
020 _a8433014196
040 _aCO-ViMGA
_bspa
_cCO-ViMGA
082 0 4 _a612.39 A171c
100 1 _aAbramson, Edward
_923936
245 1 0 _aEl comer emocional . Una guía práctica de control
260 _aBilbao (España),
_cDesclee,
_c1999
300 _a278.p.
490 _aserendipity
590 _aForma de adquisición : Premio - Mincultura
650 1 4 _aNUTRICION - ASPECTOS PSICOLOGICOS
_923937
942 _2ddc
_cBK
999 _c26540
_d26540